00329 a2200133 450000100060000002000220000604000370002810000190006524000380008424500330012230000070015536200090016265000240017176150 a978-85-377-0324-3 cAnchieta - Colégio São Paulo aSouza, Shirley10aMeu nome não é gorducho!lpor10aMeu nome não é gorducho! a480 a2008 4aLiteratura infantil